| 000 | 01738nam a2200313 i 4500 | ||
|---|---|---|---|
| 001 | 16253 | ||
| 003 | DO-SdUEMH | ||
| 005 | 20260127163820.0 | ||
| 007 | ta | ||
| 008 | 211105s2004||||dr a|||gr|||| 0|| | spa d | ||
| 020 | _a9993448133 | ||
| 040 |
_aDO-SdUEMH _bspa _erda |
||
| 041 | _aspa | ||
| 082 | 1 | 4 |
_aRD342.7293 C758N 2004 _mRD _bF363 |
| 084 | _b08-00299 | ||
| 100 | 1 | _eautr | |
| 110 | _aUniversidad Iberoamericana | ||
| 245 | 0 |
_aLa Constitución de 1963 40 Años Después: Vigencia y Perspectivas / _cAura Celeste Fernández |
|
| 260 | _c2004 | ||
| 264 | 1 |
_aSanto Domingo, República Dominicana : _bTaína, S. A. _c2004 |
|
| 264 | 4 | _c©2004 | |
| 300 |
_axli,171, iv páginas : _bilustraciones ; _c21 cm. |
||
| 336 |
_2rdacontent _atexto _btxt |
||
| 337 |
_2rdamedia _asin mediación _bn |
||
| 338 |
_2rdacarrier _avolumen _bnc |
||
| 505 | 2 | _aPrimera Parte -- Palabras de bienvenida -- Palabras de apertura del acto en conmemoración del 40 aniversario de la Constitución de 1963 -- Palabras de la autora de la obra Constitución de la Nación Dominicana de 1963 -- Palabras de apertura al panel Constitución de 1963, 40 años después: vigencia y perspectivas -- Segunda Parte -- Los Derechos Sociales en la Constitución de 1963 -- La Constitución de 1963 y sus Antecedentes -- Derechos Humanos en la Constitución de 1963 -- Factores que incidieron en la formación de la Constitución de 1963 -- Trascendencia histórica de la Constitución de 1963: insinuaciones para la Revolución Democrática y Popular Dominicana -- Impacto de la Constitución de 1963 en la prensa -- El legado de la Constitución de 1963 a la reforma constitucional pendiente -- Palabras de cierre del evento. | |
| 942 |
_2ddc _cBK _n0 |
||
| 999 |
_c16253 _d16253 |
||